Nika/ (Record no. 3952)

MARC details
000 -LEADER
campo de control de longitud fija 01629nam a22004217a 4500
003 - IDENTIFICADOR DE NÚMERO DE CONTROL
campo de control OSt
005 - FECHA Y HORA DE LA ÚLTIMA TRANSACCIÓN
campo de control 20230628125959.0
008 - DATOS DE LONGITUD FIJA--INFORMACIÓN GENERAL
campo de control de longitud fija 221006b |||||||| |||| 00| 0 eng d
040 ## - FUENTE DE CATALOGACIÓN
Centro/agencia transcriptor Biblioteca Lado V
082 ## - NÚMERO DE LA CLASIFICACIÓN DECIMAL DEWEY
Número de clasificación 709.05
Número de ítem E61n
100 ## - ENTRADA PRINCIPAL--NOMBRE DE PERSONA
9 (RLIN) 859
Nombre de persona Enwezor, Okwui
Término indicativo de función/relación editor
245 ## - MENCIÓN DEL TÍTULO
Título Nika/
Resto del título Journal Contemporary African Art/
260 ## - PUBLICACIÓN, DISTRIBUCIÓN, ETC.
Lugar de publicación, distribución, etc. Africa
Nombre del editor, distribuidor, etc. Fundación Prince Claus
Fecha de publicación, distribución, etc. 1999
300 ## - DESCRIPCIÓN FÍSICA
Dimensiones 23x20.5cm
Extensión 72p.
366 ## - INFORMACIÓN SOBRE DISPONIBILIDAD COMERCIAL
Nota spa
490 ## - MENCIÓN DE SERIE
Mención de serie 10
Designación de volumen o secuencia 1999
505 ## - NOTA DE CONTENIDO CON FORMATO
Nota de contenido con formato EDITOR´S LETTER
505 ## - NOTA DE CONTENIDO CON FORMATO
Nota de contenido con formato INVISIBLEVILLE: THE WORK OF BODY ISEK KINGELEZ
505 ## - NOTA DE CONTENIDO CON FORMATO
Nota de contenido con formato ON BOARD THE RAFT OF THE MEDUSA
505 ## - NOTA DE CONTENIDO CON FORMATO
Nota de contenido con formato KAYHASSAN: BORDERS AND BORDERLANDS
505 ## - NOTA DE CONTENIDO CON FORMATO
Nota de contenido con formato BRILLIANT: BOB THOMPSON AND HIS MILIEU
505 ## - NOTA DE CONTENIDO CON FORMATO
Nota de contenido con formato MONA MARZOUK: PUBLICINTIMACIES
505 ## - NOTA DE CONTENIDO CON FORMATO
Nota de contenido con formato PLANTING THE TREES OF SPECIFICITY: AN INTERVIEW WITH GASTON KABORE
505 ## - NOTA DE CONTENIDO CON FORMATO
Nota de contenido con formato STUDIO CALL: MARY EVANS
505 ## - NOTA DE CONTENIDO CON FORMATO
Nota de contenido con formato CAPTAIN SHIT AND OTHER ALLERGORIES OF BLACK STARDOM: THE WORK OF CHRIS OFILI
505 ## - NOTA DE CONTENIDO CON FORMATO
Nota de contenido con formato THE DRAMA OF COLOR: ZWELETHA MTHETWA
505 ## - NOTA DE CONTENIDO CON FORMATO
Nota de contenido con formato LITTLE BIGHORN ON THE SEINE: OUSMANESOW
505 ## - NOTA DE CONTENIDO CON FORMATO
Nota de contenido con formato BLANK_: ARCHITECTURE, APARTHEID AND AFTER
505 ## - NOTA DE CONTENIDO CON FORMATO
Nota de contenido con formato THE 24TH SAO PAULO BIENNALE
505 ## - NOTA DE CONTENIDO CON FORMATO
Nota de contenido con formato THE CAIRO BIENNALE
650 ## - PUNTO DE ACCESO ADICIONAL DE MATERIA--TÉRMINO DE MATERIA
Fuente del encabezamiento o término Tesauro de Arte & Arquitectura
Término de materia o nombre geográfico como elemento de entrada ARTE CONTEMPORANEO
9 (RLIN) 703
650 ## - PUNTO DE ACCESO ADICIONAL DE MATERIA--TÉRMINO DE MATERIA
Fuente del encabezamiento o término Tesauro de Arte & Arquitectura
Término de materia o nombre geográfico como elemento de entrada AUDIO
9 (RLIN) 702
650 ## - PUNTO DE ACCESO ADICIONAL DE MATERIA--TÉRMINO DE MATERIA
Fuente del encabezamiento o término Tesauro de Arte & Arquitectura
Término de materia o nombre geográfico como elemento de entrada MUSICA
9 (RLIN) 702
650 ## - PUNTO DE ACCESO ADICIONAL DE MATERIA--TÉRMINO DE MATERIA
Fuente del encabezamiento o término Tesauro de Arte & Arquitectura
Término de materia o nombre geográfico como elemento de entrada HISTORIA
650 ## - PUNTO DE ACCESO ADICIONAL DE MATERIA--TÉRMINO DE MATERIA
Fuente del encabezamiento o término Tesauro de Arte & Arquitectura
Término de materia o nombre geográfico como elemento de entrada MUSEOS
651 ## - PUNTO DE ACCESO ADICIONAL DE MATERIA--NOMBRE GEOGRÁFICO
Fuente del encabezamiento o término Tesauro de Arte & Arquitectura
Nombre geográfico AFRICA
942 ## - ELEMENTOS DE ENTRADA SECUNDARIOS (KOHA)
Fuente del sistema de clasificación o colocación Clasificación Decimal Dewey
Tipo de ítem Koha Libros
Parte de la signatura que corresponde a la clasificación (Parte de la clasificación) 709.05
Parte de la signatura que identifica el ejemplar (Parte del ítem) E61n
Suprimir en OPAC No
Holdings
Estatus retirado Estado de pérdida Fuente del sistema de clasificación o colocación Especificación de materiales (volumen encuadernado u otra parte) Estado de daño No para préstamo Colección Biblioteca de origen Biblioteca actual Fecha de adquisición Enumeración/cronología de publicación seriada Número de inventario Total de préstamos Signatura topográfica completa Código de barras Visto por última vez Precio de reemplazo Tipo de ítem Koha
    Clasificación Decimal Dewey 1999     Revistas Biblioteca LadoV Biblioteca LadoV 28/06/2023 10 003122   709.05 E61n 003122 28/06/2023 28/06/2023 Libros